Vplyv vybraných faktorov na dopyt bakalárska práca

Na minha lista:
Detalhes bibliográficos
Autor principal: Kováčová, Natália
Autor Corporativo: Fakulta podnikového manažmentu EU. Katedra podnikovohospodárska
Outros Autores: Grisáková, Nora, 1978-
Formato: Livro
Idioma:eslovaco
Publicado em: Bratislava 2014
Tags: Adicionar Tag
Sem tags, seja o primeiro a adicionar uma tag!

MARC

LEADER 00000nbm a2200000 4500
001 0189604
005 20240627114922.2
041 0 |a slo 
044 |a SK 
245 1 0 |a Vplyv vybraných faktorov na dopyt  |b bakalárska práca  |c Natália Kováčová ; školiteľ: Nora Grisáková 
264 1 |a Bratislava  |c 2014 
300 |a 52 s. 
100 1 |a Kováčová, Natália 
700 1 |a Grisáková, Nora, 1978- 
710 2 |a Fakulta podnikového manažmentu EU. Katedra podnikovohospodárska